<?xml version="1.0" encoding="UTF-8"?><?xml-stylesheet type="text/xsl" href="static/style.xsl"?><OAI-PMH xmlns="http://www.openarchives.org/OAI/2.0/" xmlns:xsi="http://www.w3.org/2001/XMLSchema-instance" xsi:schemaLocation="http://www.openarchives.org/OAI/2.0/ http://www.openarchives.org/OAI/2.0/OAI-PMH.xsd"><responseDate>2026-06-01T04:36:12Z</responseDate><request verb="GetRecord" identifier="oai:riuma.uma.es:10630/14856" metadataPrefix="marc">https://riuma.uma.es/rest/oai/request</request><GetRecord><record><header><identifier>oai:riuma.uma.es:10630/14856</identifier><datestamp>2026-02-03T12:24:13Z</datestamp><setSpec>com_10630_2254</setSpec><setSpec>col_10630_37959</setSpec></header><metadata><record xmlns="http://www.loc.gov/MARC21/slim" xmlns:dcterms="http://purl.org/dc/terms/" xmlns:doc="http://www.lyncode.com/xoai" xmlns:xsi="http://www.w3.org/2001/XMLSchema-instance" xsi:schemaLocation="http://www.loc.gov/MARC21/slim http://www.loc.gov/standards/marcxml/schema/MARC21slim.xsd">
   <leader>00925njm 22002777a 4500</leader>
   <datafield ind2=" " ind1=" " tag="042">
      <subfield code="a">dc</subfield>
   </datafield>
   <datafield ind2=" " ind1=" " tag="720">
      <subfield code="a">Ybáñez-Worboys, María del Pilar</subfield>
      <subfield code="e">author</subfield>
   </datafield>
   <datafield ind2=" " ind1=" " tag="260">
      <subfield code="c">2017-12-11</subfield>
   </datafield>
   <datafield ind2=" " ind1=" " tag="520">
      <subfield code="a">En la sociedad del Antiguo Régimen, caracterizada por fuertes contrastes y desequilibrios en todos sus ámbitos ‒social, económico, político, educativo...‒, la vida cotidiana apenas presentaba alternativas o vías de escape para una importante mayoría de la población. De ahí que cualquier manifestación que mitigara, aunque solo fuera por breves instantes, las preocupaciones y sinsabores diarios solía ser acogida con entusiasmo y alborozo. En este sentido, las fiestas y diversiones constituían la oportunidad idónea para la evasión. Sin embargo, esa es solo una de sus facetas. Más reveladora y certera resulta su cualidad de instrumento de control social y definición ideológica del poder establecido. La celebración de la conquista malagueña se erige en excelente ejemplo de dicha combinación. Los cabildos municipal y catedralicio de la ciudad aunarán esfuerzos para dotar a la conmemoración del máximo esplendor con ese objeto, vertebrándose sus facetas religiosa y laica en torno a la procesión y los regocijos taurinos, respectivamente.</subfield>
   </datafield>
   <datafield ind1="8" ind2=" " tag="024">
      <subfield code="a">https://hdl.handle.net/10630/14856</subfield>
   </datafield>
   <datafield tag="653" ind2=" " ind1=" ">
      <subfield code="a">Fiestas - Málaga - s. XVI</subfield>
   </datafield>
   <datafield ind2="0" ind1="0" tag="245">
      <subfield code="a">Celebraciones públicas urbanas a comienzos de la Modernidad</subfield>
   </datafield>
</record>
</metadata></record></GetRecord></OAI-PMH>